000 01064nam a2200301Ia 4500
003 IN-BaIIA
008 211028s9999 xx s 000 0 eng d
020 _a978-3-642-37304-6 (Print)
020 _a978-3-642-37305-3 (Online)
022 _a0075-8450 (Print)
022 _a1616-6361 (Online)
040 _cIIA Library
100 _aKharzeev, Dmitri, ed.
_940518
245 0 _aStrongly Interacting Matter in Magnetic Fields
_h[eBook]
260 _aHeidelberg, Berlin
_bSpringer Berlin Heidelberg
_c2013
300 _aOnline resource
490 _aLecture Notes in Physics
650 _a Astronomy, Astrophysics and Cosmology
_936176
650 _a Nuclear Physics, Heavy Ions, Hadrons
_938413
650 _a Particle and Nuclear Physics
_936177
650 _a Quantum Field Theories, String Theory
650 _aPhysics
_973
700 _aLandsteiner, Karl, ed.
_940519
700 _aSchmitt, Andreas, ed.
_940520
700 _aYee, Ho-Ung, ed.
_940521
856 _uhttp://doi.org/10.1007/978-3-642-37305-3
_yClick Here to Access eBook
942 _cEB
999 _c21927
_d21927